000
00257nam a22001097a 4500
008
170111b xxu||||| |||| 00| 0 eng d
020
_a
0397540809
041
_a
eng
080
_a
618.2
245
_a
NURSING CARE PLANNING
_c
LITLLE & CARNEVALI
942
_2
udc
_c
BK
999
_c
2688
_d
2688